| 000 | 00662nam a2200229 a 4500 | ||
|---|---|---|---|
| 005 | 20140310183457.0 | ||
| 008 | 100306s19uu xx 00 eng d | ||
| 020 | _a9780443102882 | ||
| 050 |
_aRS 57 _b.G38 2006 |
||
| 100 | _aGatford, J.D. | ||
| 245 |
_aNursing calculations / _cJ.D. Gatford, N. Phillips. |
||
| 250 | _a7th. ed. | ||
| 260 |
_aLondon : _bElsevier, _c2007. |
||
| 300 |
_a142 p. : _bill. ; _c18 cm. |
||
| 521 | _aNUR | ||
| 650 |
_aDrugs _xAdministration and dosage _xnurse's instructions. |
||
| 650 |
_aNursing _xmathematics. |
||
| 650 |
_aPharmaceutical _xArithmetic. |
||
| 700 | _aPhillips, N. | ||
| 942 |
_cBK _2lcc _kFOR |
||
| 999 |
_c23703 _d23703 |
||